| 000 | 01451nam a2200409 c 4500 | ||
|---|---|---|---|
| 999 |
_c347510 _d347510 |
||
| 003 | BLK | ||
| 005 | 20250723121228.0 | ||
| 008 | 180409b bul|||||r ||||||| ||bul|| | ||
| 010 | _aKNG00107419000 | ||
| 020 | _a9786190204787 | ||
| 040 | _aBLK | ||
| 041 |
_aBUL _cBUL |
||
| 080 |
_aЧилийска литература _b821.134.2(83) _x-31 _z821.134.2(83)-31 |
||
| 100 | 1 |
_aАлиенде, Исабел _eпърви автор _930822 |
|
| 139 |
_aАлиенде, Исабел _bА 54 |
||
| 245 | 1 | 0 |
_aКъщата на духовете _cИсабел Алиенде; прев. от исп. Венцеслав Николов. |
| 257 | _aCHI | ||
| 260 |
_bКолибри _c2019 _fСофия : Дедракс |
||
| 300 |
_a445 с. _c21 см |
||
| 380 | _aX | ||
| 500 | _aОриг. загл. La casa de los espiritus / Isabel Allende. | ||
| 653 | _aромани | ||
| 659 | 7 |
_9178160 _aН _xНови книги |
|
| 700 | 1 |
_aНиколов, Венцеслав _eпрев. от исп. _9370211 |
|
| 852 |
_bП _cП 860(7/8)-31/А 54 |
||
| 856 | 4 | _qpdf | |
| 856 | 4 | _qpdf | |
| 942 |
_cKNG _n0 _071 _s1 |
||
| 944 |
_aCR _c04.08.2003 _lМинев Младен _k30530 |
||
| 944 |
_aED _c05.02.2015 _lф / _kЛюдмила_Стоянова |
||
| 944 |
_aED _c2020-01-03 _l2020-01-03 _kМикаела Микова - Илиева |
||
| 999 | _d347510 | ||
| 999 | _d347510 | ||
| 999 | _d347510 | ||
| 999 | _d347510 | ||
| 999 | _d102354 | ||